000 00629nam a2200205 i 4500
001 146875
003 ES-MaACL
007 t|
008 070919s1981 sp ||||1| spa d
080 _a84-320-5544-1
100 1 _aTrullás, Juana.
_9111585
245 1 0 _aDías de vieja primavera
_b: novela /
_cJuana Trullás.
250 _a[1ª ed.].
260 _a[Barcelona] :
_bPlaneta,
_c[1981]
300 _a266 p. ;
_c19 cm.
490 1 _aColección Autores españoles e hispanoamericanos
830 0 _aColección Autores españoles e hispanoamericanos
_9184325
852 _aES-MaACL
_jL-6447
_bR.107316
999 _c146875
_d146875